|
|
|
|
| LEADER |
00000cam a2200000 i 4500 |
| 001 |
1/3769 |
| 008 |
000523s1992 gr | ||| |||| ||gre|| |
| 020 |
|
|
|a 9603520284
|
| 035 |
|
|
|l 10060916
|
| 040 |
|
|
|a GR-MyUa
|b gre
|e AACR2
|
| 041 |
1 |
|
|a gre
|a grc
|h grc
|
| 082 |
7 |
|
|2 (22)
|
| 082 |
7 |
|
|a 184
|2 (22)
|
| 100 |
0 |
|
|a Πλάτων,
|d 428 ή 7-348 ή 7 π.Χ.
|
| 245 |
1 |
0 |
|a Συμπόσιον (ή περί έρωτος) /
|c Πλάτων ; εισαγωγή-μετάφραση-σημειώσεις Ηλέκτρα Ανδρεάδη.
|
| 260 |
|
|
|a Αθήνα :
|b Κάκτος,
|c 1992.
|
| 300 |
|
|
|a 191 σ. ;
|c 21 εκ.
|
| 490 |
1 |
|
|a (Οι Έλληνες ;
|v 2)
|
| 650 |
|
0 |
|a Love
|v Early works to 1800.
|
| 650 |
|
0 |
|a Philosophy, Ancient.
|
| 700 |
1 |
|
|a Ανδρεάδη, Ηλέκτρα,
|e trlf
|
| 830 |
|
0 |
|a Έλληνες ;
|v 2
|
| 852 |
|
|
|a INST
|b LESVOS
|e 20000523
|h 180.938 ΠΛΑ
|p 005100026333
|q 005100026333
|t BK
|y 0
|
| 852 |
|
|
|a INST
|b SYROS
|e 20090309
|h 184 ΠΛΑ
|p 005500008612
|q 005500008612
|t BK
|y 0
|
| 901 |
|
|
|a BIBL5-2009-1
|
| 901 |
|
|
|a BIBL1-2000-1
|
| 922 |
|
|
|a 5ΕΛΗ
|b 200802
|c ΕΠΕΑΕΚ2/ΤΜΣΠΣ
|d Σ. Πατάκης
|
| 922 |
|
|
|a 1ΕΛΗ
|b 199912
|c ΤΑΚ/ΚΥΒ
|d Παπασωτηρίου
|
| 950 |
|
|
|a 023-1999-12-06
|
| 970 |
|
|
|a Τζαφέρη
|b Ευαγγελία
|z 23/05/2000
|